| 000 | 00878nam a2200277 a 4500 | ||
|---|---|---|---|
| 001 | BRL_1323 | ||
| 005 | 20190320211140.0 | ||
| 008 | 060114s1953----u--o######---#000-0#eng-# | ||
| 041 | _aeng | ||
| 044 | _au | ||
| 050 | 4 |
_aTT848 _b.G73 1953 |
|
| 100 | 1 |
_aGrae, Ida _926520 |
|
| 245 | 1 | 0 |
_aDressing the loom _ba handbook for weavers showing the direct beaming method of warping _cby Ida Grae ; photographs by Richard Thurman, Dan Grae and Leo Holub. |
| 250 | _a2a ed. | ||
| 260 |
_aMcMinnville, Oregon _bRobin and Russ Handweavers _c1953 |
||
| 300 |
_a46 p. _bil., láminas, fotografías _c20 cm. |
||
| 500 | _aAu1598 | ||
| 650 | 1 | 4 |
_aTelares _926521 |
| 650 | 1 | 4 |
_aTejeduría _926522 |
| 650 | 1 | 4 |
_aTejido a mano _926523 |
| 700 | 1 |
_aThurman, Richard _eil. _926524 |
|
| 700 | 1 |
_aGrae, Dan _eil. _926525 |
|
| 700 | 1 |
_aHolub, Leo _eil. _926526 |
|
| 902 | _aGRL | ||
| 942 |
_2lcc _cB |
||
| 999 |
_c10135 _d10135 |
||